[Event "North American-ch U20"]
[Site "Dulles"]
[Date "2023.12.23"]
[Round "9"]
[White "Swaminathan, Pranav"]
[Black "Cherukuri, Nitesh"]
[Result "1/2-1/2"]
[WhiteElo "1786"]
[BlackElo "1944"]
[PlyCount "40"]
[EventDate "2023.12.19"]
[EventType "swiss"]
[EventRounds "9"]
[EventCountry "USA"]
[SourceTitle "CB52_2023"]
[SourceDate "2023.12.27"]
[SourceVersion "1"]
[SourceVersionDate "2023.12.27"]
[SourceQuality "1"]

1. d4 Nf6 2. c4 g6 3. Nc3 Bg7 4. e4 d6 5. h3 0-0 6. Nf3 c5 7. d5 b5 8. cxb5 a6 9. bxa6 Bxa6 10. Bxa6 Nxa6 11. 0-0 Qb6 12. Re1 Rfb8 13. Rb1 Nc7 14. Bg5 Nb5 15. Nxb5 Qxb5 16. e5 dxe5 17. Nxe5 Re8 18. Qf3 c4 19. Bxf6 Bxf6 20. Nc6 Qc5 1/2-1/2